[Event "Tradewise Gibraltar ChallWk1"]
[Site "Gibraltar"]
[Date "2018.01.24"]
[Round "3.5"]
[White "Pabalan, Rocky"]
[Black "Bendayan Claros, Aaron"]
[Result "1-0"]
[WhiteElo "2098"]
[BlackElo "2191"]
[PlyCount "167"]
[EventDate "2018.01.22"]
[EventType "swiss"]
[EventRounds "5"]
[EventCountry "GGB"]

1. Nf3 Nf6 2. d4 d5 3. e3 c5 4. b3 cxd4 5. exd4 g6 6. Bd3 Bg7 7. O-O O-O 8. Re1
Nc6 9. c3 Re8 10. Bg5 Qc7 11. Qc1 e5 12. dxe5 Ng4 13. Nbd2 Bd7 14. Bf4 Ngxe5
15. Be2 Rac8 16. Rd1 Nxf3+ 17. Nxf3 Qa5 18. Bf1 Bxc3 19. Bd2 Bxd2 20. Qxd2 Qxd2
21. Rxd2 Be6 22. g3 Red8 23. Re1 Rd6 24. Ng5 Rcd8 25. Red1 h6 26. Ne4 Kg7 27.
Nxd6 Rxd6 28. Bg2 Ne7 29. Rc1 Rd7 30. Bf1 Kf6 31. Bb5 Rd6 32. Rc7 a6 33. Bf1 b5
34. a4 d4 35. axb5 axb5 36. Bxb5 Bxb3 37. Bc4 Bxc4 38. Rxc4 Nf5 39. Kf1 h5 40.
h3 Ke5 41. Ke2 Rd5 42. Kd3 Ra5 43. g4 Ra3+ 44. Ke2 hxg4 45. hxg4 Kd5 46. Rc8
Nd6 47. Rd8 Ra6 48. Kf3 Ra3+ 49. Kf4 f6 50. Rxd4+ Kxd4 51. Rxd6+ Kc5 52. Rxf6
Kd5 53. Rxg6 Ra4+ 54. Kg3 Ke5 55. Rb6 Ra3+ 56. f3 Rc3 57. Rh6 Ra3 58. Rh5+ Kf6
59. Rb5 Rc3 60. g5+ Kg6 61. Kg4 Rc1 62. Rb6+ Kg7 63. f4 Rc5 64. Rb4 Rc1 65. Rd4
Kf7 66. Rd6 Rc5 67. g6+ Ke7 68. Ra6 Kf8 69. Ra7 Kg8 70. f5 Rb5 71. Kg5 Rc5 72.
Rd7 Ra5 73. Re7 Rb5 74. Kf6 Rb6+ 75. Re6 Rb8 76. Kg5 Rb5 77. Rc6 Ra5 78. Kg4
Kg7 79. Rc7+ Kg8 80. Kg5 Rb5 81. Kh6 Rb8 82. f6 Ra8 83. Rh7 Rf8 84. f7+ 1-0

[Event "Tradewise Gibraltar ChallWk1"]
[Site "Gibraltar"]
[Date "2018.01.24"]
[Round "3.6"]
[White "Jordan Martinez, David"]
[Black "Lochte, Thomas"]
[Result "1/2-1/2"]
[WhiteElo "2095"]
[BlackElo "2169"]
[PlyCount "66"]
[EventDate "2018.01.22"]
[EventType "swiss"]
[EventRounds "5"]
[EventCountry "GGB"]

1. e4 e5 2. Nf3 Nc6 3. Bc4 Nf6 4. d3 Bc5 5. c3 d6 6. Bb3 Bg4 7. h3 Bh5 8. Nbd2
Qd7 9. Qe2 O-O-O 10. Nf1 d5 11. Ng3 Bg6 12. Bg5 d4 13. Bc2 Be7 14. Ba4 dxc3 15.
Nxe5 cxb2 16. Qxb2 Qd4 17. Qxd4 Nxd4 18. Ne2 Bb4+ 19. Kf1 Nxe2 20. Kxe2 Bh5+
21. g4 Bc3 22. gxh5 Bxe5 23. Rag1 h6 24. Bxf6 Bxf6 25. Bb3 Rd7 26. f4 Rhd8 27.
e5 Be7 28. Rxg7 Rxd3 29. Rxf7 Bc5 30. Rd1 Re3+ 31. Kf1 Rf3+ 32. Ke2 Re3+ 33.
Kf1 Rf3+ 1/2-1/2

[Event "Tradewise Gibraltar ChallWk1"]
[Site "Gibraltar"]
[Date "2018.01.24"]
[Round "3.7"]
[White "Madina Yadarola, Martin"]
[Black "Osuna Vega, Enrique"]
[Result "1-0"]
[WhiteElo "2167"]
[BlackElo "2102"]
[PlyCount "87"]
[EventDate "2018.01.22"]
[EventType "swiss"]
[EventRounds "5"]
[EventCountry "GGB"]

1. e4 d6 2. d4 Nf6 3. f3 e5 4. Ne2 Nbd7 5. Nbc3 c6 6. a4 h5 7. h4 Be7 8. Bg5
Qa5 9. Nc1 exd4 10. Nb3 Qb4 11. Qxd4 Qxd4 12. Nxd4 Ne5 13. a5 Bd7 14. Nd1 Nh7
15. Be3 Nf6 16. Bg5 Nh7 17. Bd2 Nf6 18. Ne3 g6 19. c4 O-O 20. Bc3 Rfb8 21. Be2
b5 22. cxb5 cxb5 23. b3 a6 24. Bb4 Kf8 25. Rd1 Rd8 26. O-O Rac8 27. Rd2 Ne8 28.
g3 Nc6 29. Nxc6 Bxc6 30. Rfd1 f6 31. Bf1 Kf7 32. Bh3 Rc7 33. Ng2 f5 34. exf5 g5
35. hxg5 Bxg5 36. f4 Be7 37. Ne3 Nf6 38. Rc2 d5 39. Bxe7 Rxe7 40. Nf1 Bb7 41.
Bg2 Rdd7 42. Bf3 Ne8 43. Bxh5+ Kf6 44. Bg6 1-0

[Event "Tradewise Gibraltar ChallWk1"]
[Site "Gibraltar"]
[Date "2018.01.24"]
[Round "3.8"]
[White "Pavlov, Egor"]
[Black "Ungureanu, Sandu"]
[Result "1/2-1/2"]
[WhiteElo "2165"]
[BlackElo "2033"]
[PlyCount "143"]
[EventDate "2018.01.22"]
[EventType "swiss"]
[EventRounds "5"]
[EventCountry "GGB"]

1. d4 c6 2. c4 d5 3. Nf3 Nf6 4. e3 Bg4 5. h3 Bxf3 6. Qxf3 e6 7. Nc3 Nbd7 8. Bd2
Bb4 9. Bd3 dxc4 10. Bxc4 Nb6 11. Bb3 Nbd5 12. O-O Nxc3 13. bxc3 Be7 14. Rad1
O-O 15. Rfe1 Nd7 16. Qg3 Bh4 17. Qg4 Qg5 18. Qe2 Qe7 19. g3 Bf6 20. f4 c5 21.
e4 g6 22. e5 Bg7 23. d5 exd5 24. Bxd5 Nb6 25. Bg2 Rfd8 26. Qb5 Bf8 27. a4 Qd7
28. Qxd7 Rxd7 29. a5 Nc4 30. Bc1 Rad8 31. Rxd7 Rxd7 32. a6 bxa6 33. Bf1 Nd2 34.
Be2 Nb3 35. e6 fxe6 36. Bc4 Rb7 37. Rxe6 Kg7 38. Be3 Na5 39. Bxa6 Rb6 40. Bc8
Rxe6 41. Bxe6 Nc6 42. Kf2 a5 43. Bb3 Na7 44. Ba4 Nc8 45. Ke2 Nb6 46. Bb3 a4 47.
Ba2 h5 48. Kd3 Bd6 49. c4 Kf6 50. Ke4 Ke6 51. Bd2 Nd7 52. Bc3 Be7 53. g4 hxg4
54. hxg4 Bf6 55. Bxf6 Nxf6+ 56. Kf3 Kd6 57. g5 Ne8 58. Bb1 a3 59. Ke3 Ng7 60.
Kd2 Ne6 61. Kc3 Nxf4 62. Kb3 Ke5 63. Kxa3 Kd4 64. Kb3 Nd3 65. Bc2 Ne5 66. Bb1
Nf7 67. Bxg6 Nxg5 68. Bf5 Nf3 69. Be6 Nd2+ 70. Kc2 Nxc4 71. Bg8 Ne3+ 72. Kd2
1/2-1/2

[Event "Tradewise Gibraltar ChallWk1"]
[Site "Gibraltar"]
[Date "2018.01.24"]
[Round "3.9"]
[White "Elishev, Ivan"]
[Black "Sousa, Ludy Helsio Paulo"]
[Result "1-0"]
[WhiteElo "2087"]
[BlackElo "2153"]
[PlyCount "153"]
[EventDate "2018.01.22"]
[EventType "swiss"]
[EventRounds "5"]
[EventCountry "GGB"]

1. e4 c5 2. Nf3 d6 3. Nc3 a6 4. d4 cxd4 5. Nxd4 Nf6 6. h3 e5 7. Nde2 h5 8. g3
Be7 9. Bg2 h4 10. g4 Be6 11. Be3 Nbd7 12. O-O b5 13. Nd5 Bxd5 14. exd5 Nh7 15.
Qd2 Bg5 16. a4 Bxe3 17. Qxe3 b4 18. a5 O-O 19. f4 Re8 20. fxe5 Nxe5 21. Qf2 Ng5
22. Nd4 Rc8 23. Kh1 Ng6 24. Nc6 Qd7 25. Rae1 Rxe1 26. Rxe1 Re8 27. Re3 f6 28.
Qe1 Rxe3 29. Qxe3 Ne5 30. Qa7 Qe8 31. Qb8 Kf7 32. Qxe8+ Kxe8 33. Nxb4 Nc4 34.
Nxa6 Nxa5 35. b3 Kd8 36. Kg1 Kc8 37. Kf2 Kb7 38. Nb4 Kb6 39. Nd3 Nb7 40. Ke3
Nc5 41. Nb2 Kb5 42. Kd4 Kb4 43. Nc4 Nf7 44. Nd2 Ne5 45. Bf1 g6 46. c3+ Ka3 47.
b4 Ncd7 48. Ne4 Nf7 49. Bb5 Nde5 50. Nxf6 Nf3+ 51. Ke3 N3g5 52. Bf1 Kb3 53. b5
Kxc3 54. b6 Nd8 55. Kf4 Ngf7 56. Ba6 Kd2 57. g5 Ne5 58. b7 Nxb7 59. Bxb7 Ke2
60. Ne8 Nd3+ 61. Kg4 Ke3 62. Nxd6 Nf2+ 63. Kxh4 Kf4 64. Ne8 Nd1 65. Ng7 Ne3 66.
Ne6+ Kf5 67. Kg3 Nf1+ 68. Kf2 Nd2 69. h4 Ne4+ 70. Kf3 Nd2+ 71. Ke3 Nc4+ 72. Kd4
Nd6 73. Ba6 Kg4 74. Ke5 Nf5 75. Kf6 Kxh4 76. Bd3 Nd6 77. Bxg6 1-0

[Event "Tradewise Gibraltar ChallWk1"]
[Site "Gibraltar"]
[Date "2018.01.24"]
[Round "3.10"]
[White "Ranaivoharisoa, Alain"]
[Black "Sanz Losada, Victoriano"]
[Result "1-0"]
[WhiteElo "2142"]
[BlackElo "2050"]
[PlyCount "93"]
[EventDate "2018.01.22"]
[EventType "swiss"]
[EventRounds "5"]
[EventCountry "GGB"]

1. e4 c5 2. Nf3 Nc6 3. d4 cxd4 4. Nxd4 Nf6 5. Nc3 d6 6. Bc4 e6 7. Bb3 Be7 8.
O-O O-O 9. f4 Na5 10. Be3 Nxb3 11. axb3 a6 12. Qf3 Qc7 13. g4 Nd7 14. g5 Re8
15. f5 Ne5 16. Qg3 Bf8 17. Nf3 exf5 18. exf5 Bxf5 19. Nd5 Qxc2 20. Nd4 Qe4 21.
Nc3 Qg4 22. Nxf5 Qxg3+ 23. Nxg3 Nc6 24. Kf2 Re5 25. Rad1 Na5 26. Bf4 Re6 27.
Nd5 Rc8 28. Rc1 Rc5 29. Rxc5 dxc5 30. Rd1 h6 31. h4 hxg5 32. hxg5 Be7 33. Nf5
Bd8 34. Nde3 Nc6 35. Rd7 Re4 36. Kf3 Rb4 37. Nd6 Bxg5 38. Rxf7 Bxf4 39. Rxf4
Ne5+ 40. Kg3 Rxf4 41. Kxf4 Nd3+ 42. Kf5 Nxb2 43. Nxb7 Nd3 44. Kg6 Kf8 45. Nd5
Ke8 46. Nc7+ Kd7 47. Nxa6 1-0

[Event "Tradewise Gibraltar ChallWk1"]
[Site "Gibraltar"]
[Date "2018.01.24"]
[Round "3.11"]
[White "Coleman, David J"]
[Black "Sanz Wawer, Daniel"]
[Result "0-1"]
[WhiteElo "2055"]
[BlackElo "2134"]
[PlyCount "74"]
[EventDate "2018.01.22"]
[EventType "swiss"]
[EventRounds "5"]
[EventCountry "GGB"]

1. e4 c5 2. Nf3 e6 3. d4 cxd4 4. Nxd4 Nc6 5. Nb5 d6 6. c4 Nf6 7. N1c3 a6 8. Na3
Be7 9. Be2 O-O 10. O-O b6 11. Be3 Bb7 12. Qb3 Nd7 13. Rfd1 Nc5 14. Qc2 Bf6 15.
Rac1 Qe7 16. Nab1 Nb4 17. Qd2 Rad8 18. Qe1 h6 19. Kh1 a5 20. f3 Bh4 21. Qg1 f5
22. exf5 Rxf5 23. a3 Nc6 24. Nd2 Ne5 25. Nde4 a4 26. Rc2 Qf8 27. Rcd2 Nxe4 28.
fxe4 Bf2 29. Bxf2 Rxf2 30. Rf1 Rxf1 31. Qxf1 Qe7 32. Qf2 Rf8 33. Qxb6 Ng4 34.
Qxd6 Qh4 35. Qg3 Qg5 36. Rd7 Bc6 37. Ra7 Qc1+ 0-1

[Event "Tradewise Gibraltar ChallWk1"]
[Site "Gibraltar"]
[Date "2018.01.24"]
[Round "3.12"]
[White "Kozarcanin, Sead"]
[Black "Villar Reymundo, Juan Antonio"]
[Result "0-1"]
[WhiteElo "2048"]
[BlackElo "2121"]
[PlyCount "78"]
[EventDate "2018.01.22"]
[EventType "swiss"]
[EventRounds "5"]
[EventCountry "GGB"]

1. b3 e5 2. Bb2 Nc6 3. e3 Nf6 4. Bb5 Bd6 5. Bxc6 dxc6 6. d3 O-O 7. Nd2 Re8 8.
e4 b5 9. a4 Be6 10. Ne2 Nd7 11. O-O Bg4 12. f3 Bc5+ 13. Kh1 Bh5 14. Ng3 Bg6 15.
f4 exf4 16. Rxf4 Bd6 17. Rf1 Bxg3 18. hxg3 Qg5 19. Qe1 Qh5+ 20. Kg1 Qc5+ 21.
Qf2 Qxc2 22. Qd4 Ne5 23. Nf3 Rad8 24. Rf2 Qxb3 25. Qxa7 Nxd3 26. Nd4 Qb4 27.
Nxc6 Qxe4 28. Nxd8 Nxf2 29. Qxf2 Rxd8 30. a5 Qd5 31. a6 c5 32. a7 Ra8 33. Qf4
h6 34. Qb8+ Kh7 35. Qxb5 Qd2 36. Qb7 Qe3+ 37. Kh2 Qe4 38. Qc7 Qc2 39. Qb7 Be4
0-1

[Event "Tradewise Gibraltar ChallWk1"]
[Site "Gibraltar"]
[Date "2018.01.24"]
[Round "3.13"]
[White "Janiszewski, Maciej"]
[Black "Plotkin, Victor"]
[Result "0-1"]
[WhiteElo "2029"]
[BlackElo "2242"]
[PlyCount "84"]
[EventDate "2018.01.22"]
[EventType "swiss"]
[EventRounds "5"]
[EventCountry "GGB"]

1. e4 e5 2. Nf3 Nf6 3. Nxe5 d6 4. Nxf7 Kxf7 5. d4 Be7 6. Nc3 Re8 7. Bc4+ Kf8 8.
Bg5 Nxe4 9. Qf3+ Nf6 10. O-O-O c6 11. Bxf6 Bxf6 12. d5 c5 13. Ne4 Nd7 14. Ng5
Kg8 15. Ne6 Ne5 16. Qe4 Nxc4 17. Qxc4 Bxe6 18. dxe6 Qb6 19. c3 d5 20. Rxd5 Qxe6
21. Qxc5 b6 22. Qb5 Rad8 23. Rhd1 Rxd5 24. Rxd5 h6 25. g3 Qe2 26. a4 Re4 27.
Rd2 Qxb5 28. axb5 Kf7 29. Kc2 Ke6 30. b4 Kf5 31. h3 Re1 32. c4 Be7 33. Rd7 Kf6
34. c5 bxc5 35. Rxa7 cxb4 36. b6 b3+ 37. Kb2 Re5 38. Kxb3 Rb5+ 39. Kc4 Rxb6 40.
Kd3 Rb2 41. f3 Rg2 42. g4 Rg3 0-1

[Event "Tradewise Gibraltar ChallWk1"]
[Site "Gibraltar"]
[Date "2018.01.24"]
[Round "3.14"]
[White "Maisuradze, Nino"]
[Black "Smith, Andrew Philip"]
[Result "1-0"]
[WhiteElo "2234"]
[BlackElo "2111"]
[PlyCount "63"]
[EventDate "2018.01.22"]
[EventType "swiss"]
[EventRounds "5"]
[EventCountry "GGB"]

1. d4 Nf6 2. c4 c5 3. d5 e6 4. Nc3 exd5 5. cxd5 d6 6. Nf3 g6 7. Nd2 Nbd7 8. e4
Bg7 9. Be2 O-O 10. O-O a6 11. a4 Re8 12. Re1 Rb8 13. a5 b5 14. axb6 Nxb6 15.
Ra3 Ra8 16. h3 Nfd7 17. Nb3 Ne5 18. Na5 f5 19. Be3 fxe4 20. Nxe4 Nf7 21. Nc6
Qh4 22. Nxd6 Rxe3 23. Nxc8 Nxc8 24. Rxe3 Ncd6 25. Qc2 Nf5 26. Re4 Qf6 27. Qxc5
Qxb2 28. Ne7+ Nxe7 29. Qxe7 a5 30. d6 Bf8 31. Qe6 Bxd6 32. Bc4 1-0

[Event "Tradewise Gibraltar ChallWk1"]
[Site "Gibraltar"]
[Date "2018.01.24"]
[Round "3.15"]
[White "Bryant, Richard B E"]
[Black "Kvisla, Johannes Luangtep"]
[Result "0-1"]
[WhiteElo "2016"]
[BlackElo "2234"]
[PlyCount "114"]
[EventDate "2018.01.22"]
[EventType "swiss"]
[EventRounds "5"]
[EventCountry "GGB"]

1. e4 c6 2. d4 d5 3. exd5 cxd5 4. c4 Nf6 5. Nc3 g6 6. Nf3 Bg7 7. Bf4 O-O 8. c5
Nc6 9. Be2 Bg4 10. Ne5 Bxe2 11. Nxe2 Nd7 12. Nxc6 bxc6 13. O-O a5 14. Rc1 Qc8
15. Qd2 Qa6 16. Rfe1 e5 17. Bh6 e4 18. Bxg7 Kxg7 19. Rc3 h6 20. Rh3 Rh8 21. Qf4
Qb7 22. Rb3 Qc8 23. f3 Rb8 24. fxe4 Rxb3 25. axb3 dxe4 26. Nc3 f5 27. Qd6 Rf8
28. Ra1 Rf6 29. Qe7+ Rf7 30. Qd6 Rf6 31. Qe7+ Rf7 32. Qd6 Qb7 33. Qe6 Qc7 34.
Qd6 Qxd6 35. cxd6 Rf6 36. Rxa5 Rxd6 37. Ne2 Nb6 38. Ra7+ Kf6 39. Rh7 h5 40. h4
Nd5 41. g3 Rd8 42. Rb7 Ra8 43. Nc3 Ra1+ 44. Kf2 Rh1 45. Nxd5+ cxd5 46. Rb6+ Kg7
47. Ke3 Rf1 48. b4 Rf3+ 49. Ke2 Rxg3 50. b5 Rb3 51. Rb7+ Kh6 52. b6 f4 53. Rb8
Rxb2+ 54. Ke1 f3 55. b7 Kg7 56. Rd8 Rxb7 57. Rxd5 e3 0-1

[Event "Tradewise Gibraltar ChallWk1"]
[Site "Gibraltar"]
[Date "2018.01.24"]
[Round "3.16"]
[White "Galvan, Jesus"]
[Black "Lung, Liviu-Catalin"]
[Result "0-1"]
[WhiteElo "2223"]
[BlackElo "2085"]
[PlyCount "90"]
[EventDate "2018.01.22"]
[EventType "swiss"]
[EventRounds "5"]
[EventCountry "GGB"]

1. d4 Nf6 2. c4 g6 3. Nc3 Bg7 4. e4 O-O 5. f4 c5 6. d5 d6 7. Nf3 e6 8. Be2 exd5
9. exd5 Re8 10. O-O Na6 11. Bd3 Nc7 12. a4 Na6 13. h3 Nb4 14. Bb1 Bf5 15. g4
Bxb1 16. Rxb1 Ne4 17. Nxe4 Rxe4 18. b3 Qe7 19. Bb2 Bxb2 20. Rxb2 Qf6 21. Re2
Rae8 22. Rxe4 Rxe4 23. Kg2 Re3 24. f5 gxf5 25. g5 Qc3 26. Re1 f4 27. Rxe3 fxe3
28. Qe1 Qc2+ 29. Kg1 e2 30. Qg3 Nd3 31. Qxd6 e1=R+ 32. Nxe1 Qf2+ 33. Kh1 Qxe1+
34. Kg2 Qf2+ 35. Kh1 Qe1+ 36. Kg2 Qd2+ 37. Kh1 Qxg5 38. Qb8+ Kg7 39. Qxb7 Qc1+
40. Kg2 Qd2+ 41. Kf3 Qf2+ 42. Ke4 Qe2+ 43. Kf5 Qf3+ 44. Kg5 h6+ 45. Kh4 Qf4+
0-1

[Event "Tradewise Gibraltar ChallWk1"]
[Site "Gibraltar"]
[Date "2018.01.24"]
[Round "3.17"]
[White "Jordan Martinez, Miguel"]
[Black "Sanchez Carrasco, Fco. Javier"]
[Result "1-0"]
[WhiteElo "2201"]
[BlackElo "2068"]
[PlyCount "61"]
[EventDate "2018.01.22"]
[EventType "swiss"]
[EventRounds "5"]
[EventCountry "GGB"]

1. d4 Nf6 2. Bf4 d6 3. Nc3 Nbd7 4. Nf3 c5 5. e3 Qa5 6. Qd2 a6 7. Be2 g6 8. O-O
Bg7 9. a3 O-O 10. e4 cxd4 11. Nxd4 Re8 12. Nb3 Qc7 13. Be3 b5 14. f3 Nb6 15. a4
Nc4 16. Bxc4 bxc4 17. Nd4 Bb7 18. a5 e6 19. Nde2 d5 20. exd5 exd5 21. Bd4 Nh5
22. Bxg7 Nxg7 23. Nd4 Re7 24. Kh1 Rae8 25. Nce2 Nf5 26. Nc3 Ne3 27. Rfe1 Qf4
28. Re2 Qh4 29. Rae1 Nf5 30. Nxf5 Qxe1+ 31. Qxe1 1-0

[Event "Tradewise Gibraltar ChallWk1"]
[Site "Gibraltar"]
[Date "2018.01.24"]
[Round "3.18"]
[White "Adewole, Adeyinka"]
[Black "Longa Yauca, Javier"]
[Result "0-1"]
[WhiteElo "2001"]
[BlackElo "2198"]
[PlyCount "106"]
[EventDate "2018.01.22"]
[EventType "swiss"]
[EventRounds "5"]
[EventCountry "GGB"]

1. Nf3 Nf6 2. g3 d5 3. d4 g6 4. Bg2 Bg7 5. b3 O-O 6. O-O c5 7. e3 Nc6 8. Bb2
Ne4 9. c4 e6 10. Nbd2 f5 11. Ne5 cxd4 12. Nxc6 bxc6 13. Nxe4 fxe4 14. Bxd4 Bxd4
15. Qxd4 Qf6 16. Qc5 Bd7 17. Rad1 Qg7 18. Rd4 Rf7 19. Rfd1 a5 20. Qd6 a4 21.
Qa3 Raf8 22. R4d2 axb3 23. axb3 Qc3 24. Qb2 Qxb2 25. Rxb2 Kg7 26. b4 Kf6 27. b5
Ke5 28. b6 Ra8 29. b7 Rb8 30. Ra1 Kd6 31. c5+ Kxc5 32. Bf1 Kd6 33. Ba6 e5 34.
Kf1 Be6 35. Rc1 Rc7 36. Rb6 d4 37. Ke2 Bd5 38. h4 Rf7 39. Rb2 h6 40. Rd1 d3+
41. Kf1 g5 42. hxg5 hxg5 43. Kg2 Rh7 44. Rbb1 g4 45. Rdc1 Kc7 46. Rd1 Rbh8 47.
b8=Q+ Rxb8 48. Rxb8 Kxb8 49. Rb1+ Ka7 50. Bc8 Rg7 51. Kf1 c5 52. Ke1 c4 53. Kd2
c3+ 0-1

[Event "Tradewise Gibraltar ChallWk1"]
[Site "Gibraltar"]
[Date "2018.01.24"]
[Round "3.19"]
[White "Gonzalez Gonzalez, Alfonso"]
[Black "Bozinovic, Boban"]
[Result "1-0"]
[WhiteElo "2192"]
[BlackElo "1972"]
[PlyCount "97"]
[EventDate "2018.01.22"]
[EventType "swiss"]
[EventRounds "5"]
[EventCountry "GGB"]

1. d4 c5 2. d5 g6 3. Nc3 Bg7 4. Nf3 d6 5. g3 Nf6 6. Bg2 O-O 7. O-O a6 8. a4 Qc7
9. e4 Bg4 10. h3 Bxf3 11. Qxf3 Nbd7 12. Qe2 Rab8 13. Bg5 h6 14. Be3 Kh7 15. g4
Rbc8 16. f4 Ne8 17. h4 Bd4 18. Nd1 Bxe3+ 19. Nxe3 c4 20. Rf2 b5 21. axb5 axb5
22. Bf3 Ng7 23. Re1 Qb6 24. Rd1 Ra8 25. Rd2 Rfc8 26. Nd1 f6 27. Kh2 Ra2 28. e5
fxe5 29. Be4 Rf8 30. g5 hxg5 31. fxg5 Rxf2+ 32. Nxf2 Ra8 33. h5 Rf8 34. hxg6+
Kg8 35. Nh3 Nc5 36. Bg2 Qd8 37. b4 cxb3 38. cxb3 b4 39. Qc4 Qe8 40. Be4 Nxe4
41. Qxe4 Rf5 42. Rc2 Qxg6 43. Rc8+ Kf7 44. Rh8 Nh5 45. Rxh5 Rf2+ 46. Nxf2 Qxh5+
47. Nh3 Kg7 48. Kg2 Qd1 49. Nf2 1-0

[Event "Tradewise Gibraltar ChallWk1"]
[Site "Gibraltar"]
[Date "2018.01.24"]
[Round "3.20"]
[White "Fathallah, Joe"]
[Black "Pinho, Paulo"]
[Result "0-1"]
[WhiteElo "1962"]
[BlackElo "2186"]
[PlyCount "120"]
[EventDate "2018.01.22"]
[EventType "swiss"]
[EventRounds "5"]
[EventCountry "GGB"]

1. d4 Nf6 2. c4 c5 3. d5 g6 4. Nc3 Bg7 5. e4 O-O 6. Nf3 d6 7. Be2 Na6 8. O-O
Nc7 9. h3 e5 10. dxe6 Nxe6 11. Be3 b6 12. Qc2 Bb7 13. Rad1 Qb8 14. Nd5 Nd7 15.
b3 Ne5 16. Ne1 Nc6 17. f4 Ned4 18. Qd2 f5 19. Bd3 fxe4 20. Bxe4 Qe8 21. Bb1 Qd7
22. Nf3 Rae8 23. Rde1 Nxf3+ 24. Rxf3 Nb4 25. Rg3 Bxd5 26. cxd5 Rxe3 27. Rgxe3
Bd4 28. Kh2 Bxe3 29. Rxe3 Rxf4 30. Re6 Qf7 31. a3 Rd4 32. Qg5 Nxd5 33. Qd8+ Kg7
34. Qxd6 Qf4+ 35. Qxf4 Rxf4 36. Rd6 Nc3 37. Bd3 Rf7 38. Kg3 Kf8 39. Bc2 Ke7 40.
Rd3 Ne2+ 41. Kh2 Rf2 42. Re3+ Kf6 43. Bd1 Nd4 44. Kg1 Ra2 45. a4 Ra1 46. Rd3
Nxb3 47. Rxb3 Rxd1+ 48. Kf2 Ra1 49. Rf3+ Ke5 50. Rf7 Rxa4 51. Rxh7 c4 52. Rc7
Kd4 53. Rd7+ Ke4 54. Re7+ Kd3 55. Rd7+ Kc2 56. Rg7 c3 57. Rxg6 Re4 58. Rg5 Kc1
59. g4 c2 60. Rg7 Kb2 0-1

[Event "Tradewise Gibraltar ChallWk1"]
[Site "Gibraltar"]
[Date "2018.01.24"]
[Round "3.21"]
[White "Guthrie, David"]
[Black "Chibnall, Alana"]
[Result "1-0"]
[WhiteElo "2181"]
[BlackElo "1906"]
[PlyCount "107"]
[EventDate "2018.01.22"]
[EventType "swiss"]
[EventRounds "5"]
[EventCountry "GGB"]

1. d4 Nf6 2. c4 g6 3. Nc3 Bg7 4. e4 d6 5. Nf3 O-O 6. Be2 e5 7. O-O Nc6 8. d5
Ne7 9. Ne1 Nd7 10. Be3 f5 11. f3 f4 12. Bf2 Nf6 13. Nd3 g5 14. c5 Ng6 15. Rc1
Rf7 16. Kh1 h5 17. Qc2 Bd7 18. c6 bxc6 19. dxc6 Be6 20. Nb4 g4 21. Nbd5 Ne8 22.
Ba6 Qg5 23. Bb7 Rd8 24. Bxa7 g3 25. b4 Nh4 26. Rfd1 Bh3 27. Rd2 Bxg2+ 28. Rxg2
Nxf3 29. Rf1 Nd4 30. Bxd4 exd4 31. Ne2 f3 32. Rxg3 fxe2 33. Qxe2 Rxf1+ 34. Qxf1
Qe5 35. Qg2 d3 36. Rxd3 Nf6 37. Nxf6+ Qxf6 38. Rd1 Re8 39. Ba6 Qe6 40. Bd3 Ra8
41. Rg1 Qe5 42. Bc4+ Kh8 43. Bd5 Ra4 44. Rf1 Ra8 45. Qe2 Rf8 46. Rxf8+ Bxf8 47.
Kg2 Be7 48. a4 Qg5+ 49. Kh3 Qh4+ 50. Kg2 Qg5+ 51. Kf1 Qf6+ 52. Qf2 Qa1+ 53. Kg2
Qg7+ 54. Qg3 1-0

[Event "Tradewise Gibraltar ChallWk1"]
[Site "Gibraltar"]
[Date "2018.01.24"]
[Round "3.23"]
[White "Minnema, Rens"]
[Black "Makka, Ioulia"]
[Result "0-1"]
[WhiteElo "1837"]
[BlackElo "2167"]
[PlyCount "102"]
[EventDate "2018.01.22"]
[EventType "swiss"]
[EventRounds "5"]
[EventCountry "GGB"]

1. e4 c6 2. d4 d5 3. exd5 cxd5 4. Bd3 Nc6 5. c3 Nf6 6. Bf4 g6 7. Nf3 Bg7 8. O-O
Nh5 9. Bg3 Nxg3 10. hxg3 O-O 11. Re1 a6 12. Nbd2 b5 13. Nb3 Qd6 14. a3 f6 15.
Qd2 Rb8 16. Rad1 a5 17. Bf1 a4 18. Nc1 Na5 19. Na2 Re8 20. Nb4 e6 21. Nh4 Bd7
22. Nf3 Nc4 23. Bxc4 bxc4 24. Re2 g5 25. Ree1 Kf7 26. g4 Rh8 27. g3 Be8 28. Kg2
Ke7 29. Qc2 Ra8 30. Qe2 Bg6 31. Nd2 Kd7 32. Qe3 h5 33. gxh5 Bxh5 34. Nf3 Bh6
35. Qe2 Bg6 36. Nd2 Rh7 37. Rh1 Rah8 38. Rde1 g4 39. Qxg4 Bf5 40. Qd1 Bxd2 41.
Rxh7+ Rxh7 42. Qxd2 Qf8 43. Qd1 Qh6 44. Rh1 Qxh1+ 45. Qxh1 Be4+ 46. f3 Bxf3+
47. Kxf3 Rxh1 48. Kf4 Rh2 49. g4 Rxb2 50. g5 fxg5+ 51. Kxg5 Rb3 0-1

[Event "Tradewise Gibraltar ChallWk1"]
[Site "Gibraltar"]
[Date "2018.01.24"]
[Round "3.24"]
[White "Gueler, Sebastian"]
[Black "Kanbier, Max"]
[Result "1-0"]
[WhiteElo "2120"]
[BlackElo "1864"]
[PlyCount "41"]
[EventDate "2018.01.22"]
[EventType "swiss"]
[EventRounds "5"]
[EventCountry "GGB"]

1. c4 f5 2. Nc3 Nf6 3. g3 g6 4. Bg2 Bg7 5. d3 O-O 6. Rb1 c6 7. e4 d6 8. Nge2 e5
9. O-O Be6 10. exf5 gxf5 11. b4 d5 12. cxd5 cxd5 13. d4 Ne4 14. dxe5 Bxe5 15.
Bb2 Nf6 16. Nd4 Bxd4 17. Qxd4 Nc6 18. Qe3 Ne4 19. Nxe4 fxe4 20. b5 Ne7 21. Qh6
1-0

[Event "Tradewise Gibraltar ChallWk1"]
[Site "Gibraltar"]
[Date "2018.01.24"]
[Round "3.25"]
[White "Maric, Boris"]
[Black "Stern, Geoffrey"]
[Result "1/2-1/2"]
[WhiteElo "2034"]
[BlackElo "1940"]
[PlyCount "61"]
[EventDate "2018.01.22"]
[EventType "swiss"]
[EventRounds "5"]
[EventCountry "GGB"]

1. c4 e6 2. g3 d5 3. Nf3 Nf6 4. Bg2 dxc4 5. Na3 c5 6. Nxc4 Nc6 7. O-O Be7 8. d3
O-O 9. b3 Nd5 10. Bb2 Bf6 11. Qd2 Bd7 12. Nce5 Nxe5 13. Nxe5 Bb5 14. Rac1 Rc8
15. a3 Qe7 16. Rc2 b6 17. Rfc1 Ba6 18. e4 Bxe5 19. Bxe5 Nf6 20. Qg5 Rfd8 21. d4
cxd4 22. Rxc8 Rxc8 23. Rxc8+ Bxc8 24. Bxd4 h6 25. Qc1 Bb7 26. Qb2 Qd7 27. h3
Ne8 28. Qc3 f6 29. f4 Nd6 30. Qe3 Nb5 31. Bb2 1/2-1/2

[Event "Tradewise Gibraltar ChallWk1"]
[Site "Gibraltar"]
[Date "2018.01.24"]
[Round "3.26"]
[White "Sandhya, Goli"]
[Black "Burke, Mitchell R"]
[Result "1/2-1/2"]
[WhiteElo "1934"]
[BlackElo "1989"]
[PlyCount "36"]
[EventDate "2018.01.22"]
[EventType "swiss"]
[EventRounds "5"]
[EventCountry "GGB"]

1. e4 c5 2. Nf3 d6 3. d4 cxd4 4. Nxd4 Nf6 5. Nc3 a6 6. h3 e5 7. Nde2 h5 8. Bg5
Be7 9. Bxf6 Bxf6 10. Nd5 Bg5 11. Nec3 Be6 12. Be2 g6 13. O-O Nc6 14. Qd3 O-O
15. f4 exf4 16. Nxf4 Ne5 17. Qd4 Bf6 18. Qf2 Bh4 1/2-1/2

[Event "Tradewise Gibraltar ChallWk1"]
[Site "Gibraltar"]
[Date "2018.01.24"]
[Round "3.27"]
[White "Suez-Panama, Gilles"]
[Black "Mayank, Pal"]
[Result "1-0"]
[WhiteElo "1959"]
[BlackElo "1834"]
[PlyCount "83"]
[EventDate "2018.01.22"]
[EventType "swiss"]
[EventRounds "5"]
[EventCountry "GGB"]

1. d4 d5 2. Nf3 Nf6 3. c4 c6 4. Nc3 e6 5. g3 dxc4 6. Bg2 b5 7. Ne5 Qb6 8. a4
Bb4 9. axb5 Qxb5 10. O-O Bxc3 11. bxc3 Nd5 12. e4 Nf6 13. Ba3 Nbd7 14. f4 h5
15. Qe2 Nxe5 16. fxe5 Ng4 17. h3 Nh6 18. Rfb1 Qa5 19. Qxc4 Bd7 20. Bd6 Qd8 21.
Rb7 Qg5 22. Rab1 Qe3+ 23. Kh1 Rc8 24. Rb8 f6 25. Rxc8+ Bxc8 26. Qxc6+ Kf7 27.
Qc7+ Kg6 28. exf6 gxf6 29. Bf4 Qe2 30. Bxh6 Kxh6 31. Qf7 f5 32. Qf6+ Kh7 33.
Qe7+ Kh6 34. exf5 Rg8 35. Qf6+ Kh7 36. g4 hxg4 37. Qh4+ Kg7 38. Qg5+ Kh7 39.
Qh5+ Kg7 40. Qg6+ Kf8 41. Qf6+ Ke8 42. Bc6+ 1-0

[Event "Tradewise Gibraltar ChallWk1"]
[Site "Gibraltar"]
[Date "2018.01.24"]
[Round "3.28"]
[White "Bolt, Graham"]
[Black "De Vega Fernandez, Francisco J"]
[Result "1-0"]
[WhiteElo "2094"]
[BlackElo "1784"]
[PlyCount "53"]
[EventDate "2018.01.22"]
[EventType "swiss"]
[EventRounds "5"]
[EventCountry "GGB"]

1. Nf3 Nf6 2. g3 g6 3. Bg2 Bg7 4. O-O O-O 5. c4 d6 6. Nc3 c6 7. d3 Bg4 8. h3
Bxf3 9. Bxf3 Nbd7 10. Bg2 e5 11. Rb1 a5 12. a3 Re8 13. b4 axb4 14. axb4 Nf8 15.
b5 Qc7 16. Qb3 Rab8 17. Be3 Ne6 18. bxc6 bxc6 19. Qa4 c5 20. Nb5 Qd7 21. Qa6
Nd4 22. Bxd4 exd4 23. Rfe1 d5 24. cxd5 Nxd5 25. Bxd5 Qxd5 26. Nc7 Rxb1 27. Rxb1
1-0